000 00764nam a2200241Ia 4500
003 OSt
005 20220926012440.0
006 a|||||r|||| 00| 0
007 ta
008 220923b |||||||| |||| 00| 0 eng d
020 _a9780231170680
_c1868.44
037 _b7963, 28/02/2017, Efficient Book Distributors
_cGeneral Book
040 _aRTL
_cRTL
_beng
041 _2eng
_aeng
082 _aY7, Q3
100 _aLEVI-STRAUSS Claude
_931468
245 0 _aWe are all cannibals
_b And others essay
260 _aNew York
_bColumbia University Press
_c2013
300 _aviii,159p.
_ccm.
650 _aSociology
942 _hY7, Q3
_cGB
_2CC
999 _c623039
_d623039